ბათუმის შოთა რუსთაველის სახელმწიფო უნივერსიტეტის ბიბლიოთეკა

Framing the European Union : (ბიბ.ჩანაწერი № 57947)

000 -LEADER
fixed length control field 01074cam a2200193 i 4500
001 - CONTROL NUMBER
control field 18739054
005 - DATE AND TIME OF LATEST TRANSACTION
control field 20221111101807.0
008 - FIXED-LENGTH DATA ELEMENTS--GENERAL INFORMATION
fixed length control field 150811s2015 enk b 001 0 eng
020 ## - INTERNATIONAL STANDARD BOOK NUMBER
International Standard Book Number 9781107115170x
080 ## - UNIVERSAL DECIMAL CLASSIFICATION NUMBER
Universal Decimal Classification number 324(4)
100 1# - MAIN ENTRY--PERSONAL NAME
Personal name Atikcan, Ece Özlem,
Dates associated with a name
9 (RLIN) 11116
245 10 - TITLE STATEMENT
Title Framing the European Union :
Remainder of title the power of political arguments in shaping European integration /
Statement of responsibility, etc. Ece Özlem Atikcan.
264 #1 - PRODUCTION, PUBLICATION, DISTRIBUTION, MANUFACTURE, AND COPYRIGHT NOTICE
Place of production, publication, distribution, manufacture Cambridge, United Kingdom :
Name of producer, publisher, distributor, manufacturer Cambridge University Press,
Date of production, publication, distribution, manufacture, or copyright notice 2015.
300 ## - PHYSICAL DESCRIPTION
Extent 320 pages ;
Dimensions 24 cm.
653 ## - INDEX TERM--UNCONTROLLED
keyword Framing the European Union : The Power of Political Arguments in Shaping European Integration
653 ## - INDEX TERM--UNCONTROLLED
keyword ევროკავშირის შექმნა : პოლიტიკური არგუმენტების ძალა ევროპაში ინტეგრაციის პროცესში
653 ## - INDEX TERM--UNCONTROLLED
keyword Образ Европейского Союза : сила политических аргументов в формировании европейской интеграции
942 ## - ADDED ENTRY ELEMENTS (KOHA)
Source of classification or shelving scheme
Koha item type წიგნი
ეგზემპლარები
Withdrawn status Lost status Source of classification or shelving scheme Damaged status Not for loan Permanent Location Current Location Shelving location Date acquired Cost, normal purchase price Full call number Barcode Date last seen Copy number Price effective from Koha item type Public note
          ბათუმის შოთა რუსთაველის სახელმწიფო უნივერსიტეტის მთავარი ბიბლიოთეკა ბათუმის შოთა რუსთაველის სახელმწიფო უნივერსიტეტის მთავარი ბიბლიოთეკა წიგნსაცავი 2021-04-06 174.00 324(4) 54127 2021-04-06 54127 2021-04-06 წიგნი 174.00 GEL.